000 005990000a22001810004500
003 MACL
005 20160609153849.0
008 160609b xxu||||| |||| 00| 0 eng d
040 _aMACL
_cMACL
041 _aHindi
082 _a800
100 _aशरण, गिरिराज
_963329
245 _aशिक्षा व्‍यवस्‍था पर व्‍यंग्‍य
_cगिररिराज शरण
260 _bप्रभात प्रकाशन
_c1996
_aनई दिल्‍ली
350 _a100
650 _aLiterature
_963552
942 _cHIN
_k800
_2ddc
999 _c30271
_d30271